000 01134 a2200229 4500
999 _c1775
_d1775
020 _a0324020287 (textbook : alk. paper)
020 _a0324060505 (Financial analysis CDROM)
020 _a0324060513 (Applications of SAP systems CDROM)
050 0 0 _aHF5636 BAZ 2010
100 _aBazley, John D.
_eauthor
245 0 0 _aIntermediate accounting /
_cJohn D. Bazley, Loren A. Nikolai and Jefferson P. Jones
250 _a11th
264 _aBoston :
_bThomson / South-Western,
_c2010
300 _axxxiv, 1240pages, [145 in various pagings] p. :
_bill. ;
500 _aSecond CD-ROM: Applications of SAP systems / Philip M. Reckers & Govind S. Iyer. Cincinnati, OH : South-Western/Thomson Learning, c2001. (ISBN 0-324-06051-3). Access to Internet required.
504 _aIncludes bibliographical references and indexes.
650 0 _aAccounting.
700 1 _aNikolai, Loren A.
_eauthor
700 1 _aJones, Jefferson P.
_eauthor
942 _2lcc
_cBK
_e11th ed
_h5636
_iBAZ
_kHF